La filosofía en una época de terror: diálogos con Jürgen Habermas y Jacques Derrida
Saved in:
| Hovedforfatter: | |
|---|---|
| Format: | Bog |
| Sprog: | spansk |
| Udgivet: |
Buenos Aires
Aguilar
2004
|
| Udgivelse: | 1a. ed |
| Fag: | |
| Tags: |
Tilføj Tag
Ingen Tags, Vær først til at tagge denne postø!
|
MARC
| LEADER | 00000nam a2200000 a 4500 | ||
|---|---|---|---|
| 001 | UCK0598 | ||
| 003 | CL-VaPUC | ||
| 008 | 041015e20040000AG |||||||||||||||||spa|d | ||
| 020 | |a 9505119488 | ||
| 082 | 0 | 4 | |a 320.01 |b BOR |2 21 |
| 100 | 0 | |a Borradori, Giovanna |e author |9 488537 | |
| 245 | 1 | 3 | |a La filosofía en una época de terror: diálogos con Jürgen Habermas y Jacques Derrida |
| 250 | |a 1a. ed | ||
| 300 | |a 270 p | ||
| 942 | |c BK | ||
| 945 | |d 20041015 00:00:00 |a cmena | ||
| 260 | |a Buenos Aires |b Aguilar |c 2004 | ||
| 600 | 0 | 7 | |a HABERMAS, JURGEN |2 CL-VaPUC |9 334312 |
| 600 | 0 | |a Derrida, Jacques |d 1930-2004 |9 449254 | |
| 650 | 7 | |a FILOSOFIA POLITICA |2 CL-VaPUC |9 488538 | |
| 650 | 0 | |a Cambio social |9 256857 | |
| 650 | 0 | |a Terrorismo |9 255070 | |
| 583 | |a last modification |c 20041015 00:00:00 |k Rodrigo Vera | ||
| 999 | |c 310971 |d 310969 | ||
| 952 | |0 0 |1 0 |4 0 |6 320_010000000000000_BOR_2004 |7 0 |8 A |9 380073 |a BIBEDU |b BIBEDU |d 2019-11-21 |i 407078K |o 320.01 BOR 2004 |p 407078K |r 2019-11-21 |w 2019-11-21 |y BK |k FIL | ||